Die mundart von Namur ... (Record no. 23438)
[ view plain ]
| 000 -LEADER | |
|---|---|
| fixed length control field | 00821cam a22002651 4500 |
| 001 - CONTROL NUMBER | |
| control field | g 01000309 |
| 003 - CONTROL NUMBER IDENTIFIER | |
| control field | DLC |
| 005 - DATE AND TIME OF LATEST TRANSACTION | |
| control field | 20260227111251.0 |
| 008 - FIXED-LENGTH DATA ELEMENTS--GENERAL INFORMATION | |
| fixed length control field | 960129s1899 gw 000 0 ger |
| 010 ## - LIBRARY OF CONGRESS CONTROL NUMBER | |
| LC control number | g 01000309 |
| 035 ## - SYSTEM CONTROL NUMBER | |
| System control number | (OCoLC)34097548 |
| 040 ## - CATALOGING SOURCE | |
| Original cataloging agency | DLC |
| Transcribing agency | LU |
| Modifying agency | DLC |
| 042 ## - AUTHENTICATION CODE | |
| Authentication code | premarc |
| 050 00 - LIBRARY OF CONGRESS CALL NUMBER | |
| Classification number | PC3047.N3 |
| Item number | N5 1899 |
| 082 00 - DEWEY DECIMAL CLASSIFICATION NUMBER | |
| Classification number | 447.9 |
| 100 1# - MAIN ENTRY--PERSONAL NAME | |
| Personal name | Niederländer, Johann Joseph, |
| Dates associated with a name | 1877- |
| 245 14 - TITLE STATEMENT | |
| Title | Die mundart von Namur ... |
| Statement of responsibility, etc. | von Johann Niederländer ... |
| 260 ## - PUBLICATION, DISTRIBUTION, ETC. | |
| Place of publication, distribution, etc. | Halle a.S., |
| Name of publisher, distributor, etc. | E. Karras, |
| Date of publication, distribution, etc. | 1899. |
| 300 ## - PHYSICAL DESCRIPTION | |
| Extent | 1 p. l., 32, [2] p. |
| Dimensions | 23 cm. |
| 500 ## - GENERAL NOTE | |
| General note | Cover-title. |
| 502 ## - DISSERTATION NOTE | |
| Dissertation note | Inaug.-diss.--Bonn. |
| 500 ## - GENERAL NOTE | |
| General note | Vita. |
| 500 ## - GENERAL NOTE | |
| General note | Contains only part of the treatise; the whole published in "Zeitschrift für romanische philolgoie", bd. 24. |
| 650 #0 - SUBJECT ADDED ENTRY--TOPICAL TERM | |
| Topical term or geographic name entry element | Walloon dialect |
| General subdivision | Phonology. |
No items available.